One Piece, de A à Z - Statistiques

Statistiques générales
  • Ce quiz a été pris 357 fois
  • Le résultat moyen est 17 sur 26
Statistiques - réponses
Indices Reponses % Correct
Homme poisson requin scie, bourreau de Nami Arlong
100%
Ex vice amiral de la Marine devenu instructeur, il prend Kobby et Hermep sous son aile Garp
85%
Boa Hancock serait la plus belle d entre elles Femme
83%
Il peut être de l armement, de l observation, des rois Haki
82%
Quartier général de la Marine, théâtre d'une bataille capitale Marine Ford
78%
Timonier surnommé le paladin des mers Jinbe
77%
L animé en compte plus de 1000 Episodes
76%
Scientifique de génie partiellement inspiré d Einstein Vegapunk
76%
Baleine liée par une promesse avec Brook Laboon
74%
Organisation criminelle créée par un ancien corsaire Baroque Works
70%
Pirate à la solde de Kaido, surnommé la pandémie Queen
68%
Au service de la Marine, elle ressemble fortement à l'amie d'enfance de Zoro Tashigi
66%
Membre des Supernovae surnommé le moine fou Urouge
66%
Prénom de la mère biologique d'Ace Rouge
64%
Détenteur du fruit de type Zoan version Tyrannosaure X Drake
63%
Ancienne esclave libérée par Fisher Tiger, membre de l'armée révolutionnaire Koala
62%
Ancien roi du royaume de Drum Wapol
62%
Arme antique permettant de contrôler les Rois des oceans Poseidon
61%
Elle maîtrise la terrifiante technique du Paradise Punch Nami
57%
Ile céleste abritant la cloche sacrée de Shandora Skypiea
56%
Surnommé Mr Bushido ou Marimo Zoro
53%
Ile de West Blue au centre de laquelle se trouve l'arbre de la cognition Ohara
47%
Chef des Exocet Riders, cherche à se venger de Sanji Duval
46%
Chef de la garde royale d Alabasta, époux de Terracota Igaram
42%
Surnom du charpentier de l'équipage des Mugiwara Cutty Flam
40%
Acolyte de Johnny, chasseur de pirates Yosaku
31%
Aucun quiz correspondant
Distribution des résultats
% des personnes avec chaque résultat
Percentile par nombre de réponses
Votre historique - résultats
Vous n’avez pas pris ce quiz